Louane de A à Z - Statistiques

Statistiques générales
  • Ce quiz a été pris 62 fois
  • Le résultat moyen est 8 sur 21
Statistiques - réponses
Lettre Titres % Correct
M Mademoiselle tout le monde/maman/Midi sur novembre/My Own Beat
92%
J je pleure/Je vole/Jeune/J'peux pas/Jour 1/Jour de pluie
90%
A À l'autre/A quoi tu penses/A quoi tu penses vraiment/Aidez-moi/Aimer à mort/Alien/Avant/Avenir
86%
L La fille/La fuite/La mère à Titi/la pluie/Le bateau coule/Lego/Love
61%
S Sans arrêt/Sans ta voix/Sassy Energy/Secret/sens/Si j'étais là/soleil/solo/Songes/souvenirs/Stp
59%
C Capitaine/Chambre 12/Chiens
55%
N No/Non-sens/Nos secrets/Notre amour boit la tasse/Nous/Nuages/Nuit pourpre
55%
D Dans ma tête/Derrière le brouillard/Désolée/Donne-moi ton cœur/douce/Du Courage
51%
O On était beau
47%
P Parano/Pardonne-moi/Peut-être/Pleure/Poésie indécise/Pour oublier l'amour
47%
T Ta peau/Tissues/Tourne/toi/Tornade/Toute ma vie/Tranquille/tu l'sais déjà/Tu m'as dit/Tu me manques
47%
R rien ne dure/reste/Rester seule
31%
I Imagine/Immobile/Incontrôlable/It Won't Kill Ya
22%
B Blonde
20%
Q quand tu mens/Quelqu'un m'a dit
16%
W When We Go Home
14%
E et si
10%
# 3919/9
8%
K kiss or kill her
8%
G Gabrielle/Game Girl
6%
U Un homme heureux
0%
Aucun quiz correspondant
Distribution des résultats
% des personnes avec chaque résultat
Percentile par nombre de réponses
Votre historique - résultats
Vous n’avez pas pris ce quiz